000 00462nam a2200181 4500
001 20056
005 20230410130527.0
008 060907n2003 dr spa
020 _a0826464238
035 _9funglode20207
041 _aEN
050 1 4 _aPN 1101 S448t 2003
100 _aSedgwick, Fred
245 1 _aTeaching poetry /
_cFred Sedgwick
260 _aLondres, Reino Unido :
_bContinuum,
_c2003
300 _aviii, 104 p.
942 _2lcc
_cbk
999 _c75585
_d75585